000 01192cam a2200301 a 4500
001 2043892
003 ARRUPE
005 20131023122407.0
008 921014s1992 ie b 100 0 eng
010 _a 92227009
020 _a1871552257 :
_c£4.99
040 _aDLC
_cDLC
_dDLC
043 _ae-ie---
050 0 0 _aBX1505.3
_bG646 1992
100 _aRyan, Laurence
_92740
111 2 _aGeneral Meeting of the National Conference of Priests of Ireland
_n(1991)
_92741
245 1 0 _aGood news in a divided society :
_bpapers of the 1991 Annual General Meeting of the National Conference of Priests of Ireland.
260 _aDublin :
_bDominican Publications,
_c1992.
300 _a122 p. ;
_c18 cm.
500 _a"Ryan report on renewal courses for priests": p. 113-122.
504 _aIncludes bibliographical references.
610 2 0 _aCatholic Church
_zIreland
_xClergy
_xCongresses.
_92742
650 0 _aIrish unification question
_xCongresses.
_92743
700 1 _aRyan, Laurence.
_92744
906 _a7
_bcbc
_corignew
_d2
_encip
_f19
_gy-gencatlg
942 _2lcc
_cMONOGRAPH
999 _c118399
_d118399